[Event "IECG RE.2002.0.00003"]
[Site "IECG email"]
[Date "2002.07.16"]
[Round "?"]
[White "Hort, Wolfgang"]
[Black "Olmedo, Tomas"]
[Result "1-0"]
[WhiteElo "1390"]
[BlackElo "1200"]
[PlyCount "53"]
[EventDate "2002.07.16"]
[EventType "tourn (corr)"]
[EventRounds "6"]
[SourceTitle "Corr 2008"]
[Source "ChessBase"]
[SourceDate "2008.06.24"]
[SourceVersion "1"]
[SourceVersionDate "2008.06.24"]
[SourceQuality "1"]

1. d4 Nf6 2. c4 g6 3. Nc3 d5 4. cxd5 Nxd5 5. e4 Nxc3 6. bxc3 Bg7 7. Nf3 0-0 8. Be2 c5 9. 0-0 Bg4 10. Rb1 cxd4 11. cxd4 b6 12. Qa4 Qd7 13. Qxd7 Nxd7 14. Be3 Rfc8 15. Rfc1 Nf6 16. h3 Bd7 17. Ne5 Be8 18. Ba6 Rd8 19. Bb7 Rab8 20. Rc7 e6 21. Rbc1 a6 22. f3 Bf8 23. Bxa6 Ra8 24. Bc4 Bd6 25. Rb7 b5 26. Bxb5 Bxb5 27. Nxf7 1-0

[Event "IECG CE.2002.0.00026 email"]
[Site "IECG email"]
[Date "2002.04.03"]
[Round "?"]
[White "Olmedo, Tomas"]
[Black "Lehnert, Ronald"]
[Result "1/2-1/2"]
[WhiteElo "1200"]
[BlackElo "1268"]
[PlyCount "47"]
[EventDate "2002.04.03"]
[EventType "tourn (corr)"]
[EventRounds "6"]
[SourceTitle "Corr 2008"]
[Source "ChessBase"]
[SourceDate "2008.06.24"]
[SourceVersion "1"]
[SourceVersionDate "2008.06.24"]
[SourceQuality "1"]

1. e4 c5 2. Nf3 d6 3. d4 cxd4 4. Nxd4 Nf6 5. Nc3 g6 6. Be3 Bg7 7. f3 0-0 8. Qd2 Nc6 9. 0-0-0 d5 10. exd5 Nxd5 11. Nxc6 bxc6 12. Bd4 Bxd4 13. Qxd4 Qc7 14. Bc4 Nb6 15. Be2 Be6 16. h4 Rfd8 17. Qe3 Rxd1+ 18. Rxd1 Qh2 19. Qg5 Nd5 20. Nxd5 cxd5 21. h5 Qxh5 22. Qxh5 gxh5 23. Rh1 f6 24. Rxh5 1/2-1/2